000 00801cam a22003011 4500
001 750505
003 SISC
005 20160303102538.0
008 720427s1962 nyua 000 1 eng
010 _a 62008085
020 _a0446315001
040 _aDLC
_cDLC
_dDLC
050 0 0 _aPZ 3
_b.B274 1962
082 _aCLA
_bB27l 1962
100 1 _aBarrett, William Edmund,
_d1900-
_93502
245 1 4 _aThe lilies of the field /
_cDrawings by Burt Silverman.
250 _a[1st ed.]
260 _aGarden City, N.Y.,
_bDoubleday,
_c1962.
300 _a92 p. ;
_bill. ;
_c22 cm.
526 _c
562 _e1
650 _aFiction
_9746
700 _aBarrett, William Edmund,
_93503
906 _a7
_bcbc
_corignew
_du
_eocip
_f19
_gy-gencatlg
942 _2lcc
_cBK
999 _c7588
_d7588